000
00330nam a22001577a 4500
003
SGT
020
_a
9789354665332
082
_a
616.01
_b
P25A
100
_a
ARORA, BHARTI
245
_a
PRACTICAL MICROBIOLOGY
250
_a
3RD
260
_a
INDIA
_b
CBS PUB
_c
2025
300
_a
304
650
_a
MICROBIOLOGY
942
_2
ddc
_c
BK
999
_c
30471
_d
30471